[Event "La Fere op 7th"]
[Site "La Fere"]
[Date "2008.07.11"]
[Round "8"]
[White "Boudier, Eric"]
[Black "Regniez, Jeremy"]
[Result "1-0"]
[WhiteElo "1898"]
[BlackElo "1750"]
[PlyCount "73"]
[EventDate "2008.07.05"]
[EventType "swiss"]
[EventRounds "9"]
[EventCountry "FRA"]
[SourceTitle "CBM 125 Extra"]
[Source "ChessBase"]
[SourceDate "2008.09.01"]
[SourceVersion "1"]
[SourceVersionDate "2008.09.01"]
[SourceQuality "1"]

1. Nc3 d5 2. e4 d4 3. Nce2 c5 4. Ng3 Nf6 5. Bc4 Bd7 6. d3 Qc7 7. a4 g6 8. f4 Bg7 9. Nf3 Bg4 10. 0-0 0-0 11. h3 Bxf3 12. Qxf3 Nc6 13. e5 Nd7 14. Qg4 e6 15. h4 h5 16. Qh3 Nb6 17. Ba2 Nxa4 18. Ne4 Qe7 19. Qg3 Nb6 20. Bd2 Rad8 21. Rf2 Nd7 22. Qh3 Ndxe5 23. fxe5 Nxe5 24. Ng5 Kh8 25. Raf1 Rd7 26. Ne4 Ng4 27. Rf3 e5 28. Rg3 f5 29. Rxg4 fxg4 30. Rxf8+ Qxf8 31. Qg3 Rf7 32. Bxf7 Qxf7 33. Ng5 Qa2 34. Qf2 Qb1+ 35. Kh2 Qxc2 36. Qf7 g3+ 37. Kh3 1-0